000 00732nam a2200289Ia 4500
005 20260324122812.0
008 008 260324s9999 xx 000 0 eng d
020 _a9780429477119
037 _aEBOOK
040 _aCRL
040 _beng
040 _cCRL
041 _2eng
041 _aeng
084 _qCRL
100 _aRobert J. Neborsky; Josette ten Have-De Labije
_91167872
245 0 _aMastering Intensive Short-Term Dynamic Psychotherapy
245 2 _bA Roadmap to the Unconscious
260 _bTaylor and Francis
260 _c2012
365 _a
365 _b205
856 _uhttp://www.taylorfrancis.com/books/9780429477119
942 _cEBOOK
999 _c1760881
_d1760881